| 000 | 00939nam a22002657a 4500 | ||
|---|---|---|---|
| 999 |
_c12344 _d12344 |
||
| 003 | EG-ScBUE | ||
| 005 | 20210214135745.0 | ||
| 008 | 090712s2004 ua f 000 p ara d | ||
| 017 | _a2003/21090 | ||
| 020 | _a9770189774 | ||
| 040 |
_aEG-ScBUE _bara _erda _cEG-ScBUE _dEG-ScBUE |
||
| 082 | 0 | 4 |
_a892.716 _bش و ش _222 |
| 100 | 1 |
_aشوشة، فاروق، _d1936-2016، _eمؤلف. |
|
| 245 | 1 | 2 |
_aالأعمال الشعرية. _nالمجلد الثاني / _cفاروق شوشة. |
| 260 | _b، | ||
| 264 | 1 |
_aالقاهرة : _bالهيئة المصرية العامة للكتاب، _c2004. |
|
| 300 | 5 |
_a587 صفحة ؛ _c20 سم |
|
| 336 |
_2rdacontent _aنص _btxt |
||
| 337 |
_2rdamedia _aبدون وسيط _bn |
||
| 338 |
_2rdacarrier _aمجلد _bnc |
||
| 650 | 7 |
_97996 _aالشعر العربي _vدواوين وقصائد _zمصر. _2BUEsh |
|
| 653 |
_bARALIT _cFebruary2021 |
||
| 655 |
_vReading book _934232 |
||
| 942 |
_2ddc _cBB |
||